Wojciech Szczęsny - prawda czy fałsz ? - Statystyki

Ogólne statystyki
  • Ten quiz został rozwiązany 164 razy
  • Średni wynik to 8 z 15
Statystyki odpowiedzi
Zagadnienie Odpowiedź % Poprawnych
Obronił 2 karne na mistrzostwach Świata Prawda
97%
Wygrał puchar Włoch Prawda
91%
Jego ojciec był mistrzem Polski Prawda
82%
Jest starszy od Lewandowskiego Fałsz
79%
Grał z Cristiano Ronaldo w jednym klubie Prawda
79%
Rozegrał mecz w Ekstraklasie Fałsz
65%
Jego żona to Ukrainka Prawda
62%
Jest bramkarzem z największą ilością występów w kadrze w historii Prawda
50%
Gra w Juventusie Fałsz
47%
Został piłkarzem roku w Polsce Prawda
44%
Dostał czerwoną kartkę na Mundialu jakimkolwiek Fałsz
38%
Był mistrzem Anglii Fałsz
35%
W Anglii jego jedynym klubem był Arsenal Fałsz
35%
Obronił karnego strzelonego przez Neymara Prawda
21%
Urodził się w Krakowie Prawda
9%
Nie znaleziono quizów pasujących do podanych kryteriów
Rozkład punktacji
Procent ludzi z każdym wynikiem
Percentyl według liczby udzielonych odpowiedzi
Twoja historia wyników
Nie rozwiązałeś tego quizu